Approaches and methodologies in the social sciences: a pluralist perspective /
Se brinda una introducción a las aproximaciones y metodologías de las ciencias sociales, especialmente la ciencia política. Se subrayan abordajes sobre epistemología, propósitos de la investigación, metateorías, etc. También se plantean cuestiones sobre metodología y las opciones básicas disponibles...
Tallennettuna:
| Päätekijä: | |
|---|---|
| Muut tekijät: | |
| Aineistotyyppi: | Tuntematon |
| Kieli: | English |
| Julkaistu: |
Inglaterra :
Cambridge University Press
|
| Aiheet: | |
| Tagit: |
Lisää tagi
Ei tageja, Lisää ensimmäinen tagi!
|
MARC
| LEADER | 00000 a2200000 04500 | ||
|---|---|---|---|
| 001 | 42032 | ||
| 003 | cru CRAI/IIS | ||
| 005 | 20191209151651.0 | ||
| 008 | 050630s2008 enk eng d | ||
| 999 | |c 42741 |d 42741 | ||
| 020 | |a 978-0-521-88322-1 | ||
| 040 | |c cru CRAI/IIS | ||
| 090 | |a 18.03.01 D357a | ||
| 100 | |a Della Porta, Donatella |e editora | ||
| 245 | |a Approaches and methodologies in the social sciences: |b a pluralist perspective / |c Donatella Della Porta ; Michael Keating | ||
| 260 | |a Inglaterra : |b Cambridge University Press | ||
| 300 | |a 365 páginas. | ||
| 520 | |a Se brinda una introducción a las aproximaciones y metodologías de las ciencias sociales, especialmente la ciencia política. Se subrayan abordajes sobre epistemología, propósitos de la investigación, metateorías, etc. También se plantean cuestiones sobre metodología y las opciones básicas disponibles sobre métodos tales como la investigación basada en casos y la basada en variables, rastreo de procesos, análisis cuantitativo y abordajes etnográficos. | ||
| 590 | |a DISEMINAR092011//EFU/SETIEMBRE2011 |a Clasificación del SIBDI 3072 A652a | ||
| 650 | |a CIENCIA POLITICA | ||
| 650 | |a METODOS DE INVESTIGACION | ||
| 650 | |a EPISTEMOLOGIA | ||
| 650 | |a TEORIA | ||
| 650 | |a CIENCIAS SOCIALES | ||
| 700 | |a Keating, Michael | ||
| 942 | |2 ddc |c LI | ||



